[Event "NATO-ch 23nd"]
[Site "Brest"]
[Date "2012.10.04"]
[Round "6"]
[White "Engelen, Johan HHM"]
[Black "Onley, David E"]
[Result "0-1"]
[WhiteElo "1953"]
[BlackElo "2107"]
[PlyCount "80"]
[EventDate "2012.10.01"]
[EventType "swiss"]
[EventRounds "7"]
[EventCountry "FRA"]
[SourceTitle "CBM 150 Extra"]
[Source "ChessBase"]
[SourceDate "2012.10.19"]
[SourceVersion "1"]
[SourceVersionDate "2012.10.19"]
[SourceQuality "1"]

1. c4 Nf6 2. g3 g6 3. Bg2 Bg7 4. Nc3 0-0 5. e4 d6 6. Nge2 e5 7. 0-0 Nc6 8. d3 a6 9. a4 a5 10. h3 Nb4 11. d4 c6 12. Be3 Qe7 13. Qd2 Ne8 14. g4 Nc7 15. d5 c5 16. g5 f5 17. gxf6 Bxf6 18. Kh2 Ne8 19. Ng3 Ng7 20. Bh6 Rf7 21. Nce2 Bd7 22. Ng1 Raf8 23. Nf3 Qe8 24. b3 Bd8 25. Qe2 Rf6 26. Be3 Bc8 27. Rg1 Qd7 28. Raf1 Rxf3 29. Nf5 R3xf5 30. exf5 Nxf5 31. Bd2 Nc2 32. f4 Ncd4 33. Qd3 Bh4 34. fxe5 Bg3+ 35. Kh1 Bxe5 36. Bf4 Bxf4 37. Rxf4 Re8 38. Be4 Qg7 39. Bxf5 Bxf5 40. Qf1 Re3 0-1

[Event "NATO-ch 21st"]
[Site "Koge"]
[Date "2010.10.20"]
[Round "4"]
[White "Geerts, Luc"]
[Black "Engelen, Johan HHM"]
[Result "0-1"]
[WhiteElo "1514"]
[BlackElo "1958"]
[PlyCount "100"]
[EventDate "2010.10.18"]
[EventType "swiss"]
[EventRounds "7"]
[EventCountry "DEN"]
[SourceTitle "EXT 2011"]
[Source "ChessBase"]
[SourceDate "2010.11.26"]
[SourceVersion "1"]
[SourceVersionDate "2010.11.26"]
[SourceQuality "1"]

1. d4 Nf6 2. Nf3 c5 3. d5 e6 4. Bg5 Qa5+ 5. Bd2 Qc7 6. dxe6 fxe6 7. e3 Be7 8. Bd3 b6 9. Bc3 Bb7 10. 0-0 d5 11. Ng5 Kd7 12. Bb5+ Bc6 13. a4 a6 14. Nf7 Rf8 15. Ne5+ Kc8 16. Bxc6 Nxc6 17. a5 Nxe5 18. axb6 Qd6 19. Bxe5 Qxe5 20. Qe2 Nd7 21. Rxa6 Kb7 22. Rxa8 Rxa8 23. Qb5 Nxb6 24. Nd2 Kc7 25. Re1 Qd6 26. e4 Qd7 27. Qb3 Bd6 28. exd5 exd5 29. Qd3 g6 30. Nf3 Kc6 31. b3 Qg7 32. c3 Qf6 33. b4 Nc4 34. g3 Ra3 35. b5+ Kb6 36. Qxd5 Qxc3 37. Qc6+ Ka5 38. Qa6+ Kb4 39. Rb1+ Rb3 40. Rxb3+ Qxb3 41. Kg2 Qa4 42. Qb7 Qxb5 43. Qxh7 Qc6 44. Qh4 Kb5 45. Qf6 Ne5 46. Kh3 Nxf3 47. Qb2+ Ka6 48. Qa3+ Kb6 49. Qb3+ Kc7 50. Qf7+ Qd7+ 0-1